|
|
|
|
| LEADER |
00000nam a22000007a 4500 |
| 005 |
20151217134118.0 |
| 007 |
cr|||| ||u| |
| 008 |
151217s2013 bl ||||| |||| 00||0 por d |
| 020 |
|
|
|a 978-85-7789-169-6
|
| 035 |
|
|
|a 12990
|
| 040 |
|
|
|a vLex
|
| 090 |
|
|
|c 5759
|d 5759
|
| 100 |
1 |
|
|a Silva, Amaury
|
| 245 |
1 |
0 |
|a Anotaė̳s ̉Lei de Proteȯ̂ aos Juz̕es Criminais. Lei 12.694/2012 "Lei do Juiz sem rosto"
|h [Recurso electrn̤ico] /
|c Amaury Silva
|
| 256 |
|
|
|a Servico en ln̕ea
|
| 260 |
|
|
|a Brasil
|b Editora JH Mizuno
|c 2013
|
| 300 |
|
|
|a 1 recurso electrn̤ico (252p)
|
| 506 |
1 |
|
|a Contenido solo disponibel en los productos indicados
|d vLex Global
|d vLex Global (Academic Edition, excluding Law Schools)
|d vLex Global (U.S. Academic Edition, Law Schools)
|d vLex Global (U.S. Academic Edition, excluding Law Schools)
|d vLex Global (Academic Edition, Law Schools)
|
| 650 |
0 |
4 |
|a Derecho
|z Brasil
|
| 740 |
0 |
|
|a vLex libros (servicio en ln̕ea)
|
| 856 |
4 |
0 |
|u http://vlex.com/source/anota-es-lei-prote-o-juizes-criminais-12990
|z Acceso restringido
|
| 942 |
|
|
|c BOOK
|
| 999 |
0 |
|
|a Law
|